000 00853cab a2200265 4500
001 ABS54359
008 090401t1996 xxu||||| |||| 00| 0 eng d
035 _a(Sirsi) u9958
041 _aeng
100 _aSyms, P.M.
245 _aEffects of industrial contamination on residential land values in the United Kingdom
260 _c1996
350 _a0
490 _aLand Contamination and Reclamation
_v4(1) 1996, 49-56(8)
520 _aDiscusses the effects of industrial contamination on residential land values in the UK. Includes case studies and a review of the legal situation.
650 _aCONTAMINATED LAND
650 _aLAND VALUES
650 _aREMEDIATION METHODS
650 _aRESIDENTIAL DEVELOPMENT
650 _aRESIDENTIAL LAND VALUES
650 _aSTIGMA EFFECT
690 _aLAND
942 _n0
948 _c04/03/1997
999 _c6265
_d6265